Ten Poems about Music: (Record no. 792)

MARC details
000 -LEADER
fixed length control field 00492nam a22001817a 4500
005 - DATE AND TIME OF LATEST TRANSACTION
control field 20231107092839.0
008 - FIXED-LENGTH DATA ELEMENTS--GENERAL INFORMATION
fixed length control field 231107b |||||||| |||| 00| 0 eng d
020 ## - INTERNATIONAL STANDARD BOOK NUMBER
International Standard Book Number 9781913627119 (pbk)
040 ## - CATALOGING SOURCE
Original cataloging agency KMU
Transcribing agency KMU
Modifying agency KMU
Description conventions rda
050 ## - LIBRARY OF CONGRESS CALL NUMBER
Classification number PS 586.3
100 ## - MAIN ENTRY--PERSONAL NAME
Personal name Moore,Kim
245 ## - TITLE STATEMENT
Title Ten Poems about Music:
Remainder of title the yellow album/
Statement of responsibility, etc. Kim Moore
260 ## - PUBLICATION, DISTRIBUTION, ETC.
Place of publication, distribution, etc. Nottingham:
Name of publisher, distributor, etc. Candlestick press,
Date of publication, distribution, etc. 2022.
300 ## - PHYSICAL DESCRIPTION
Extent 18 p.:
Dimensions 20cm.
650 ## - SUBJECT ADDED ENTRY--TOPICAL TERM
Source of heading or term oclc
Topical term or geographic name entry element Poems
650 ## - SUBJECT ADDED ENTRY--TOPICAL TERM
Source of heading or term oclc
Topical term or geographic name entry element Music
942 ## - ADDED ENTRY ELEMENTS (KOHA)
Source of classification or shelving scheme Library of Congress Classification
Koha item type Fiction
Suppress in OPAC No
Holdings
Withdrawn status Lost status Source of classification or shelving scheme Damaged status Not for loan Collection Home library Current library Shelving location Date acquired Source of acquisition Total Checkouts Full call number Barcode Date last seen Price effective from Koha item type
    Library of Congress Classification     Fiction Kapasa Makasa University Kapasa Makasa University Open Access 07.11.2023 ZLS   PS 586.3 M00 300593 07.11.2023 07.11.2023 Fiction